|
|
|
|
| LEADER |
00000cam a2200000 a 4500 |
| 001 |
vtls009941252 |
| 003 |
SK-MaSNL |
| 005 |
20260506074457.0 |
| 008 |
240318s2009 xr g 001 0 cze |
| 020 |
|
|
|a 9788024616698
|q (brož.)
|
| 040 |
|
|
|a SNK
|b slo
|c SNK
|e AACR2
|
| 041 |
1 |
|
|a cze
|h eng
|
| 043 |
|
|
|a n-us---
|
| 044 |
|
|
|a xr
|c CZ
|
| 072 |
|
7 |
|a 327
|x Medzinárodné vzťahy, svetová politika
|2 konspekt
|
| 080 |
|
|
|a 327
|2 2001
|
| 080 |
|
|
|a 321
|2 2001
|
| 080 |
|
|
|a 355.02
|2 2001
|
| 080 |
|
|
|a 323.28:343.851
|2 2001
|
| 080 |
|
|
|a 341.49:323.28
|2 2001
|
| 080 |
|
|
|a (73)
|2 2001
|
| 080 |
|
|
|a (048.8)
|2 2001
|
| 100 |
1 |
|
|a Shapiro, Ian
|4 aut
|9 426937
|
| 240 |
1 |
0 |
|a Containment.
|l Česky
|
| 245 |
1 |
0 |
|a Politika zadržování: staronová strategie proti světovému terorismu
|c Ian Shapiro ; [z angl. orig. přel. Dana Gabľasová]
|
| 250 |
|
|
|a Vyd. 1.
|
| 260 |
|
|
|a Praha
|b Karolinum
|c 2009
|
| 300 |
|
|
|a 173 s.
|c 21 cm
|
| 500 |
|
|
|a Vydala Univerzita Karlova v Prahe
|
| 504 |
|
|
|a Obsahuje bibliografické odkazy a reg.
|
| 648 |
|
7 |
|a 20.-21. stor.
|2 SNK
|9 270701
|
| 650 |
0 |
7 |
|a zahraničná politika
|2 SNKPH
|9 971
|
| 650 |
0 |
7 |
|a filozofia politiky
|2 SNKPH
|9 972
|
| 650 |
0 |
7 |
|a národná bezpečnosť
|2 SNKPH
|9 78003
|
| 650 |
0 |
7 |
|a boj proti terorizmu
|2 SNKPH
|9 4297
|
| 650 |
0 |
7 |
|a Foreign policy
|2 SNKPHeng
|9 266402
|
| 650 |
0 |
7 |
|a Philosophy of politics
|2 SNKPHeng
|9 319357
|
| 650 |
0 |
7 |
|a National security
|2 SNKPHeng
|9 310488
|
| 650 |
0 |
7 |
|a Terrorism control
|2 SNKPHeng
|9 312211
|
| 650 |
0 |
7 |
|a politika zadržovania
|2 SNKPH
|9 479035
|
| 650 |
0 |
7 |
|a Containment
|2 SNKPHeng
|9 479036
|
| 651 |
|
7 |
|a Spojené štáty americké
|x zahraničné vzťahy
|y 2001-
|2 SNKPH
|9 329535
|
| 651 |
|
7 |
|a United States
|x foreign relations
|y 2001-
|2 SNKPHeng
|9 406129
|
| 655 |
|
7 |
|a štúdie
|2 SNKPH
|9 57033
|
| 655 |
|
7 |
|a štúdie
|2 SNKPHeng
|9 57033
|
| 700 |
1 |
|
|a Gabľasová, Dana
|4 trl
|9 479037
|
| 710 |
2 |
|
|a Univerzita Karlova
|4 pbl
|
| 919 |
|
|
|a 978-80-246-1669-8
|
| 999 |
|
|
|c 745819
|d 747749
|
| 952 |
|
|
|a SNK
|b SNK
|y VYP
|7 0
|p 17A0645894
|o snkIC 138461
|i snk2010/3168
|8 4
|g 7.16
|0 0
|1 0
|4 0
|d 2009-12-04
|l 0
|r 2026-02-23 23:15:19
|w 2026-02-23
|